000 00596nam a22001697a 4500
005 20231117125314.0
008 231117b |||||||| |||| 00| 0 eng d
020 _a9780409071399 ; 0409071390
041 _aEnglish
082 _a343.4 SIL
100 _ade Koker, A
_lEnglish
245 _aSilke on South African Income Tax :
_bIncome Tax Act 58 of 1962 2006/2007 Updated to include Acts 9, 10, 20 and 21 of 2006 /
_cA de Koker
260 _aDurban :
_bLexisNexis Butterworths,
_c2007
300 _c25 cm.
650 _aLegal practice
_bLaw
942 _cBK
_6ALISON_BN_VRIES
999 _c769
_d769